00439nam a2200145Ia 4500008004100000100001900041245007700060245001900137260005900156260000900215300001000224650001800234650001500252856002600267170221s9999 xx 000 0 und d aSusan D. Myers aFacebook and Pharmaceutical Companies: An Industry in Need of Guidance  cSusan D. Myers bOnline Journal of Communication and Media Technologies c2012 a2 : 3 xCommunication xMedia Arts uhttp://www.ojcmt.net/